000 00461nam a22001817a 4500
003 MPLRDC
005 20220104181906.0
008 210129b ||||| |||| 00| 0 eng d
020 _a0-582-88205-2
082 _a524.9561 SAC 1984*
100 _aA. C. SHAW, G. N. GOSTER, ETC.
245 _aKURSUS AMALI BIOLOGI, PRA-UNIVERSITI BUKU 1
_c
250 _a初版
260 _a
_bLONGMAN
_c1984
300 _b
650 _a
942 _cBK
_o524.9561 SAC 1984*
999 _c61689
_d61679